000 00438nab a2200145Ia 4500
003 ES-SlBCS
005 20210601134619.0
008 140529s1999 xxu||||| |||| 00| 0 spa d
041 _aspa
100 1 _aLoreto de Leça, Conceiçao
_971517
245 0 0 _aLa filosofía de la vida en Emma Godoy
_c Conceiçao Loreto De Leça
600 1 4 _aGodoy, Emma
_9220435
773 0 _tAnthropos
_gvol. 20, nº. 39, 1999, págs. 23
_wRev38
942 _cAR
999 _c615296
_d615296